LEADER 01792nam a2200361 u 4500 001 000000073391 003 CaOOAMICUS 005 20070226122339.0 008 020705s2001 it u000 u fre u 035 $a10935850 040 $aPUL(R)$bita 100 1 $aLonga, Jacques Danka.$0(OLS)http://pul/name/48615 245 13$aLe droit et le devoir à l'objection de conscience dans l'éncyclique Evangelium vitae /$cJacques Danka Longa. 260 $aRomae :$b[s.n.],$c2001. 300 $a150 p. ;$c24 cm 500 $aIn testa al front.: Pontificia Universitas Urbaniana, Facultas Iuris Canonici. 502 $aDiss. (doct.) -- Pontificia Universitas Urbaniana. Facultas iuris canonici. 504 $a"Sources et bibliographie": p. [141]-146. 610 24$aPapi (1978-2005 : Iohannes Paulus PP. II).$tEvangelium vitae.$0(OLS)http://pul/subject/16724 650 4$aObiezione di coscienza.$0(OLS)http://pul/subject/9213 710 2 $aPontificia Università Urbaniana (Roma).$0(OLS)http://pul/name/5624 850 $aPUL 852 $aPUL$W1$xDP1 Tesi Pon. Univ. Urbaniana$y49$mTH URB 611$j94839$nBK-PRI$b $qTesi$B94839$CPULBib$Z2$F94839 $H $81 910 $aPontificium Athenaeum Urbanianum$95624 910 $aPontificium Athenaeum Urbanianum$95624 910 $aPontificio Collegio Urbano "de Propaganda Fide"$95624 910 $aPontificio Collegio Urbano "de Propaganda Fide"$95624 910 $aPontificia Universitas Urbaniana$95624 910 $aPontifical Urban University De Propaganda Fide$95624 941 1 $a16 961 $aINV: 84387 996 $6245$aLe droit et le devoir à l'objection de conscience dans l'éncyclique Evangelium vitae$9(OLS)http://pul/title/96447 996 $6260$aRomae :$b[s.n.]$9(OLS)http://pul/publisher/48223 LEADER 01629nam a2200325 u 4500 001 000000038989 003 CaOOAMICUS 005 20070226113935.0 008 980430q1984 it u000 u ita u 020 $a8814007721 035 $a10793136 040 $aPUL(R)$bita$dPUL 245 00$aManipolazioni genetiche e diritto :$batti del XXXV Convegno nazionale di studio, Roma, 7-9 dicembre 1984 /$cEvandro Agazzi ... [et al.]. 260 $aRoma :$bGiuffrè,$c1984?. 300 $a368 p. ;$c24 cm 490 1 $aQuaderni di "Iustitia" ;$v34 500 $aIn testa al front.: Unione Giuristi Cattolici Italiani. 650 4$aEtica e diritto.$0(OLS)http://pul/subject/482 650 4$aGenetica$xCongressi.$0(OLS)http://pul/subject/7281 700 1 $aAgazzi, Evandro,$d1934-$0(OLS)http://pul/name/5575 710 2 $aUnione giuristi cattolici italiani.$bConvegno nazionale di studio$n(34 :$d1984 :$cRoma).$0(OLS)http://pul/name/29048 830 0$aQuaderni di Iustitia ;$v34.$0(OLS)http://pul/title/20812 850 $aPUL 852 $aPUL$W1$xSL Diritto e Scienze Sociali 1$y4$m172 C 51$j53045$nBK-PRI$b $qStampati$B53045$CPULBib$Z2$F53045 $81 852 $aPUL$W1$xDP1 Fondo G. Barberini$y122$m4 A 90$j163178$nBK-PRI$b 2 copia$qFondi$B180186$CPULBib$Z2$F180186 $HBar 1570 $81 941 1 $a1 941 1 $a8 996 $6020$a8814007721$9(OLS)http://pul/number/48540 996 $6245$aManipolazioni genetiche e diritto :$batti del XXXV Convegno nazionale di studio, Roma, 7-9 dicembre 1984$9(OLS)http://pul/title/52827 996 $6260$aRoma :$bGiuffrè$9(OLS)http://pul/publisher/53516